| 000 | 00674nam a2200217 a 4500 | ||
|---|---|---|---|
| 001 | BRCA_381 | ||
| 005 | 20190320203001.0 | ||
| 008 | 731001s1967 enka---##b---#000-0#eng-d | ||
| 020 | _a0713446951 | ||
| 040 |
_aDLC _cDLC _dDLC |
||
| 050 | 4 |
_aNK3780 _b.C65 1988 |
|
| 100 | 1 |
_aColbeck, John _91111 |
|
| 245 | 1 | 0 |
_aPottery Materials _bTheir Composition, Preparation and Use _cJohn Colbeck; Photographs by Bonnie van de Wetering |
| 260 |
_aLondres _bBatsford Limited _c1988. |
||
| 300 |
_a239 p. _bil. fotos _c26 cm. |
||
| 500 | _aIncluye índice analítico y apéndice | ||
| 500 | _aDonación Consejo Británico | ||
| 650 | 1 | 4 |
_aCerámica _91200 |
| 902 | _aDCB | ||
| 942 |
_2lcc _cB |
||
| 999 |
_c317 _d317 |
||